ბათუმის შოთა რუსთაველის სახელმწიფო უნივერსიტეტის ბიბლიოთეკა

Проектирование гидрогенераторов и синхронных компресоров. (ბიბ.ჩანაწერი № 40368)

000 -LEADER
fixed length control field 00749nam a2200217Ia 4500
001 - CONTROL NUMBER
control field 6976
003 - CONTROL NUMBER IDENTIFIER
control field GE_BSU
008 - FIXED-LENGTH DATA ELEMENTS--GENERAL INFORMATION
fixed length control field 181216s||||||||xx |||||||||||||| ||und||
040 ## - CATALOGING SOURCE
Transcribing agency GE_BSU
080 ## - UNIVERSAL DECIMAL CLASSIFICATION NUMBER
Universal Decimal Classification number 621.22(075)
100 ## - MAIN ENTRY--PERSONAL NAME
Personal name Абрамов,А.И. Иванов-Смоленский,А.В.
245 ## - TITLE STATEMENT
Title Проектирование гидрогенераторов и синхронных компресоров.
245 ## - TITLE STATEMENT
Remainder of title Учеб. пособие для вузов.
260 ## - PUBLICATION, DISTRIBUTION, ETC.
Place of publication, distribution, etc. М.
260 ## - PUBLICATION, DISTRIBUTION, ETC.
Name of publisher, distributor, etc. Высш.школа.
260 ## - PUBLICATION, DISTRIBUTION, ETC.
Date of publication, distribution, etc. 1978.
300 ## - PHYSICAL DESCRIPTION
Extent 312стр.ил.22см.
300 ## - PHYSICAL DESCRIPTION
Accompanying material табл.
653 ## - INDEX TERM--UNCONTROLLED
Uncontrolled term Проектирование гидрогенераторов и синхронных компресоров.
942 ## - ADDED ENTRY ELEMENTS (KOHA)
Koha item type წიგნი
ეგზემპლარები
Withdrawn status Lost status Damaged status Not for loan Date acquired Barcode Date last seen Price effective from Koha item type
        2018-12-17 10886 2018-12-17 2018-12-17 წიგნი
        2018-12-17 10887 2018-12-17 2018-12-17 წიგნი